[Event "RSA-ch U10 Girls"]
[Site "Gauteng"]
[Date "2017.04.08"]
[Round "7"]
[White "Carolus, Cayline Jade"]
[Black "Datharam, Archana"]
[Result "1/2-1/2"]
[WhiteElo "718"]
[BlackElo "1002"]
[PlyCount "77"]
[EventDate "2017.04.05"]
[EventType "swiss"]
[EventRounds "11"]
[EventCountry "RSA"]
[SourceTitle "CBM 177 Extra"]
[Source "ChessBase"]
[SourceDate "2017.04.27"]
[SourceVersion "1"]
[SourceVersionDate "2017.04.27"]
[SourceQuality "1"]

1. e4 c5 2. Nf3 e6 3. d4 cxd4 4. Nxd4 d6 5. Be2 Nf6 6. Nc3 Be7 7. 0-0 Nbd7 8. Be3 0-0 9. Bg4 e5 10. Nb3 a6 11. h3 b5 12. Qf3 Nxg4 13. Qxg4 Nf6 14. Qf3 Bb7 15. Nd5 Nxd5 16. exd5 Bg5 17. Bxg5 Qxg5 18. Rad1 Rfe8 19. Qg3 Qxg3 20. fxg3 e4 21. Rfe1 e3 22. Re2 Re7 23. Rd3 Rae8 24. Nd4 b4 25. Nf5 Rd7 26. Nxe3 a5 27. Rd4 Rde7 28. Kf2 Ba6 29. Re1 f5 30. Rdd1 g5 31. b3 f4 32. gxf4 gxf4 33. Nf5 Re2+ 34. Rxe2 Rxe2+ 35. Kf3 Rxc2 36. Re1 Kf7 37. g4 Rxa2 38. Nxd6+ Kf8 39. Re8+ 1/2-1/2